Statistics for South Park Character Picture Quiz Full

Click here to take the quiz!

General Stats

  • This quiz has been taken 382 times
  • The average score is 37 of 56

Answer Stats

Answer% Correct
Butters Stotch
98%
Eric Cartman
98%
Kenny McCormick
98%
Kyle Broflovski
98%
Stan Marsh
98%
Jimmy Valmer
96%
Timmy Burch
96%
Tolkien Black
95%
Chef
93%
Craig Tucker
92%
Ike Broflovski
92%
Wendy Testaburger
92%
Randy Marsh
89%
Mr. Garrison
88%
Philip
86%
Tweek Tweak
86%
Scott Tenorman
82%
Terrance
81%
Bebe Stevens
79%
Mr. Mackey
78%
Towelie
78%
Clyde Donovan
75%
Pip Pirrip
74%
Shelly Marsh
74%
Kyle Schwartz
73%
PC Principal
73%
Big Gay Al
71%
The Coon
71%
Officer Barbrady
69%
Professor Chaos
68%
Starvin Marvin
67%
Scott Malkinson
64%
Mr. Slave
63%
Mysterion
62%
Sharon Marsh
61%
Sheila Broflovski
60%
Gerald Broflovski
59%
Jimbo Kern
59%
Mr. Hankey
58%
Heidi Turner
52%
Ned Gerblanski
49%
Ms. Choksondik
48%
Principal Victoria
48%
Mosquito
44%
Liane Cartman
41%
Human Kite
36%
Tupperware
35%
Mint-Berry Crunch
33%
Ms. Crabtree
32%
Toolshed
32%
Father Maxi
24%
Stuart McCormick
24%
Carol McCormick
22%
Tuong Lu Kim
22%
Marvin Marsh
17%
Mayor McDaniels
17%

Score Distribution

Percentile by Number Answered

Percent of People with Each Score

Your Score History

You have not taken this quiz